Una familia salvaje.

Saved in:
Bibliografiske detaljer
Hovedforfatter: Moreau, Laurent (autora)
Andre forfattere: Castillo, Estrella B. del (traductora, edición)
Format: Bog
Udgivet: Barcelona, España; Buenos Aires, Argentina; Ciudad de México, México: Libros del Zorro Rojo, 2017.
Udgivelse:Primera edición.
Fag:
Tags: Tilføj Tag
Ingen Tags, Vær først til at tagge denne postø!

MARC

LEADER 00000nam a22000007a 4500
003 CL-VaPUC
005 20250321101927.0
008 250121t2017 ||||| |||| 00| 0 eng d
999 |c 446696  |d 446694 
040 |c Pontificia Universidad Católica de Valparaíso 
082 |a 808.068 MOR 2017 
100 |9 895658  |a Moreau, Laurent  |e autora 
245 |a Una familia salvaje. 
250 |a Primera edición. 
260 |a Barcelona, España;  |a Buenos Aires, Argentina;  |a Ciudad de México, México:  |b Libros del Zorro Rojo,  |c 2017. 
300 |a sin numeración:  |b ilustraciones. 
500 |a c.1. Instituto Arcos.08-01-2025. 
583 |c 20250121  |k Gabriela Rodríguez Cuevas 
650 0 |9 895270  |a Cuentos infantiles   |x Animales  |x Libros ilustrados 
700 |9 895659  |a Castillo, Estrella B. del  |e traductora  |e edición 
942 |2 ddc  |c BK  |n 0 
952 |0 0  |1 0  |2 ddc  |4 0  |6 808_068000000000000_MOR_2017  |7 0  |9 599626  |a BIBINC  |b BIBINC  |c GEN  |d 2025-01-21  |e Instituto Arcos  |i 5664415  |o 808.068 MOR 2017  |p 5664415  |r 2025-01-21  |t 1  |w 2025-01-21  |y BK  |k IFP